LEADER 01768nam a2200361 a 4500 001 000000128538 003 CaOOAMICUS 005 20120424105313.0 008 120424s2011 fr b u000 u fre r 020 $z9782851212436* 040 $aPUL$bita 041 0 $afre$aeng 082 04$a299.21 100 1 $aLewy, Hans.$0(OLS)http://pul/name/82147 245 10$aChaldaean oracles and theurgy :$bmysticism, magic and platonism in the later Roman Empire /$cHans Lewy. 250 $aTroisième. éd. / par Michel Tardieu, avec un supplément "Les Oracles chaldaïques 1891-2011". 260 $aParis :$bInstitut d'études augustiniennes,$c2011. 300 $axxvi, 770 p. ;$c25 cm 490 1 $aCollection des études augustiniennes.$aSérie Antiquité ;$v77 546 $aTesti in inglese e francese. 550 $aSul front.: Ouvrage publié avec le concours du Centre nationale du livre. 630 04$aOracula Chaldaica.$0(OLS)http://pul/subject/38619 700 1 $aTardieu, Michel.$0(OLS)http://pul/name/6695 710 2 $aInstitut d'Études Augustiniennes (Parigi).$0(OLS)http://pul/name/79662 830 0$aCollection des études augustiniennes.$pSérie Antiquité ;$v77.$0(OLS)http://pul/title/14078 850 $aPUL 852 $aPUL$W1$xSL Religione 3$y85$m299. 21 LEVHA 1$j148880$qDDC 21$B147395$CPULBib$Z2$F147395 $H117786 $82 941 1 $a9 996 $6020$z9782851212436*$9(OLS)http://pul/number/149495 996 $6082$a299.21$9(OLS)http://pul/classification/2242 996 $6245$aChaldaean oracles and theurgy :$bmysticism, magic and platonism in the later Roman Empire$9(OLS)http://pul/title/162419 996 $6260$aParis :$bInstitut d'études augustiniennes$9(OLS)http://pul/publisher/76325 LEADER 01568nam a2200373 u 4500 001 000000046536 003 CaOOAMICUS 005 20230322145453.0 008 990714s1999 it u000 u ita u 020 $a8806151517 032 $aLibriCat 035 $a10829681 040 $aBSR$bita$dMSA 041 1 $aita$hfre 100 1 $aFlori, Jean.$0(OLS)http://pul/name/33875 240 10$aChevaliers et chevalerie au Moyen Âge.$lItalian.$0(OLS)http://pul/title/62664 245 10$aCavalieri e cavalleria nel Medioevo /$cJean Flori. 260 $aTorino :$bEinaudi,$c1999. 300 $axi, 290 p. ;$c20 cm 490 1 $aPiccola biblioteca Einaudi. Storia e geografia ;$v5 500 $a"Traduzione di Marisa Aboaf e Stefania Pico." 504 $aBibliography: p. [287]-290. 650 0$aChivalry$xHistory.$2//eng$0(OLS)http://pul/subject/19793 650 0$aKnights and knighthood$xHistory.$2//eng$0(OLS)http://pul/subject/19794 700 1 $aPico, Stefania.$0(OLS)http://pul/name/33877 700 1 $aAboaf, Marisa.$0(OLS)http://pul/name/33876 830 0$aPiccola biblioteca Einaudi ;$v5.$0(OLS)http://pul/title/8551 850 $aPUL 852 $aPUL$W1$xSL Cons. Gen., Altre Classi 3$y75$m909 FLOJE 1$j62354$nBK-PRI$b $qDDC 21$B62354$CPULBib$Z2$F62354 $HPUL95350 $81 941 1 $a9 996 $6020$a8806151517$9(OLS)http://pul/number/58018 996 $6245$aCavalieri e cavalleria nel Medioevo$9(OLS)http://pul/title/62665 996 $6260$aTorino :$bEinaudi$9(OLS)http://pul/publisher/48130